Modern systems analysis and design

Complex, challenging, and stimulating, this book addresses information system analysis and design; it is full of information that shows the organizational process that a team of business and systems professionals use to develop and maintain computer-based information systems. It stresses the importa...

Cur síos iomlán

Đã lưu trong:
Sonraí Bibleagrafaíochta
Príomhúdar: Hoffer, Jeffrey A.
Formáid: Leabhar
Teanga:Undetermined
Foilsithe: Upper Saddle River Pearson Prentice Hall 2005
Ábhair:
Clibeanna: Cuir Clib Leis
Gan Chlibeanna, Bí ar an gcéad duine leis an taifead seo a chlibeáil!
Thư viện lưu trữ: Trung tâm Học liệu Trường Đại học Cần Thơ
LEADER 01290nam a2200205Ia 4500
001 CTU_100335
008 210402s9999 xx 000 0 und d
020 |c 459000 
082 |a 005.12 
082 |b H698 
100 |a Hoffer, Jeffrey A. 
245 0 |a Modern systems analysis and design 
245 0 |c Jeffrey A. Hoffer, Joey F. George, Joseph S. Valacich 
260 |a Upper Saddle River 
260 |b Pearson Prentice Hall 
260 |c 2005 
520 |a Complex, challenging, and stimulating, this book addresses information system analysis and design; it is full of information that shows the organizational process that a team of business and systems professionals use to develop and maintain computer-based information systems. It stresses the importance of responding to and anticipating problems through innovative uses of information technology. The book provides an excellent foundation for systems development, then goes on to making the business case, analysis, design, implementation and maintenance. For future systems analysts, or for those information technology that need a great resource for implementing new ideas and strategies for success. 
650 |a System design,System analysis 
904 |i Giang 
980 |a Trung tâm Học liệu Trường Đại học Cần Thơ